|
|
|
|
| LEADER |
01348nam a2200325 a 4500 |
| 001 |
31810 |
| 003 |
BD-DhAAL |
| 005 |
20170523165132.0 |
| 008 |
170523s2015 enkda||| b||| 001 0 eng d |
| 999 |
|
|
|c 37988
|d 37988
|
| 020 |
|
|
|a 9780853698845
|
| 040 |
|
|
|a BD-DhAAL
|c BD-DhAAL
|
| 082 |
0 |
4 |
|2 23
|a 615.1
|
| 245 |
1 |
0 |
|a Integrated pharmacy case studies /
|c Sally-Anne Francis ... [et al.].
|
| 260 |
|
|
|a London :
|b Pharmaceutical Press,
|c 2015.
|
| 300 |
|
|
|a xix, 432 pages :
|b illustrations (colour) ;
|c 25 cm.
|
| 504 |
|
|
|a Includes bibliographical references and index.
|
| 526 |
|
|
|a PHR
|
| 541 |
|
|
|e 31810,31811
|
| 650 |
|
4 |
|a Pharmacy
|9 21634
|
| 650 |
|
4 |
|a Pharmacy
|x Case studies
|9 21635
|
| 700 |
1 |
|
|a Francis, Sally-Anne
|9 21636
|
| 700 |
1 |
|
|a Smith, Felicity
|9 21637
|
| 700 |
1 |
|
|a Malkinson, John
|9 21638
|
| 700 |
1 |
|
|a Constanti, Andrew
|9 21639
|
| 700 |
1 |
|
|a Taylor, Kevin
|9 21640
|
| 852 |
|
|
|a Ayesha Abed Library
|c General Stacks
|
| 942 |
|
|
|2 ddc
|c BK
|
| 952 |
|
|
|0 0
|1 0
|2 ddc
|4 0
|6 615_100000000000000_FRA
|7 0
|9 60694
|a BRACUL
|b BRACUL
|c GEN
|d 2017-05-22
|e Trim Education
|g 3328.00
|l 5
|m 39
|o 615.1 FRA
|p 3010031810
|r 2025-11-25
|s 2025-11-10
|t 1
|v 3328.00
|w 2017-05-22
|y BK
|
| 952 |
|
|
|0 0
|1 0
|2 ddc
|4 0
|6 615_100000000000000_FRA
|7 0
|9 60695
|a BRACUL
|b BRACUL
|c GEN
|d 2017-05-22
|e Trim Education
|g 3328.00
|l 5
|m 91
|o 615.1 FRA
|p 3010031811
|r 2025-07-12
|s 2025-06-02
|t 2
|v 3328.00
|w 2017-05-22
|y BK
|